Investigación sobre la "Unidad de cultura"
Guardado en:
| Institution som forfatter: | |
|---|---|
| Format: | Texto |
| Udgivet: |
Heredia :
|
| Tags: |
Tilføj Tag
Ingen Tags, Vær først til at tagge denne postø!
|
MARC
| LEADER | 00000 a a2200000 04500 | ||
|---|---|---|---|
| 001 | 16641 | ||
| 003 | |||
| 040 | |||
| 090 | |a 011800 | ||
| 110 | |a UNA. Escuela de Planificación y Promoción Social | ||
| 245 | |a Investigación sobre la "Unidad de cultura" | ||
| 260 | |a Heredia : | ||
| 300 | |a 61 p. | ||
| 999 | |c 12420 |d 12420 | ||
